Türkiye Cumhuriyeti Anayasaları ve anayasa önerileri (Record no. 4904)

MARC details
000 -BAŞLIK
Sabit Uzunlukta Kontrol Alanı 00871na a2200277 4500
001 - KONTROL NUMARASI
Denetim Alanı 16910
003 - KONTROL NUMARASI IDENTIFIER
Denetim Alanı MIRAKIL
005 - SON İŞLEM TARİHİ VE ZAMANI
Denetim Alanı 20181213155021.0
008 - SABİT-BOY VERİ ELEMANLARI - GENEL BİLGİLER
Sabit Uzunlukta Kontrol Alanı 170125b tu 000 0
020 ## - ULUSLARARASI STANDART KİTAP NUMARASI
Uluslararası Standart Kitap Numarası 9786054023134
040 ## - KATALOGLAMA KAYNAK
Orijinal Kataloglama Ajansı Milas
Kataloglama Dili tur
Metne Dönüştürmek Ajansı TR-AnCHP
041 ## - DİL KODU
Metin / Ses Parça Veya Ayrı Başlığın Dil Kodu tur
082 ## - DEWEY ONLU SINIFLANDIRMA NUMARASI
Sınıflandırma Numarası 342.02
Ürün Numarası E62t 2011
090 ## - SINIFLAMA NUMARASI
Sınıflama Numarası 342.02 E62t 2011
100 ## - ANA GİRİŞ - KİŞİSEL İSİM
Kişisel Ad Erdem, Fazıl Hüsnü
Bir Adıyla İlişkilendirilen Tarihler 1964-
245 ## - BAŞLIK TABLOSU
Başlık Türkiye Cumhuriyeti Anayasaları ve anayasa önerileri
Başlığın Kalan madde karşılaştırmalı
Sorumluluk Tablosu, Vb Fazıl Hüsnü Erdem, Yunus Heper ; yayına hazırlayan Yavuz Güçtürk
260 ## - YAYIN, DAĞITIM, VB
Yayın, Dağıtım, Vb Yeri Ankara
Yayıncı, Dağıtıcı, Vs Adı SETA Yayınları
Yayın, Dağıtım, Vb Tarihi 2011
300 ## - FİZİKSEL TANIM
Kapsam 456 s.
Boyutlar 27 sm.
490 ## - SERİSİ TABLOSU
Seri Beyanı SETA yayınları
Hacim / Ardışık Tanımı 15
504 ## - KAYNAKÇA VB NOT
Kaynakça Vb Notu Kaynakça var.
650 ## - KONU KATMA GİRİŞ - TOPİKAL DÖNEM
Topikal Süreli Veya Coğrafi Ad Giriş Elemanı Anayasa hukuku
Coğrafi Alt Bölümü Türkiye
650 ## - KONU KATMA GİRİŞ - TOPİKAL DÖNEM
Topikal Süreli Veya Coğrafi Ad Giriş Elemanı 1982 Anayasası
Genel Alt Bölümü Değişiklikler
700 ## - KATMA GİRİŞ - KİŞİSEL İSİM
Kişisel Ad Güçtürk, Yavuz
700 ## - KATMA GİRİŞ - KİŞİSEL İSİM
Kişisel Ad Heper, Yunus
942 ## - EKLENDİ GİRİŞ ELEMANLARI (KOHA)
Sınıflandırma Veya Raf Düzeni Kaynak Dewey Decimal Classification
Koha Öğesi Türü Books
999 ## - SİSTEM KONTROL NUMARALARI (KOHA)
Koha Biblionumber 4904
Koha Biblioitemnumber 4904
Holdings
Kalıcı Konum Mevcut Konum Edinme Tarihi Edinim Kaynak Toplam Check-Out'Lar Tam Çağrı Numarası Barkod Tarih Son Görülme İtibaren Geçerli Fiyatlar Koha Öğesi Türü Toplam Yenileme Tarihi Geçen Teslim Kopya Sayısı
CHP Kütüphanesi CHP Kütüphanesi 10/17/2016 Bağış   342.02 E62t 2011 005395 10/17/2016 10/17/2016 Books      
CHP Kütüphanesi CHP Kütüphanesi 10/17/2016 Bağış 1 342.02 E62t 2011 005396 02/06/2020 10/17/2016 Books 3 09/02/2019 k.2